01917nam a2200265Ia 4500001000600000003000900006008004100015040001300056040001300069041001300082100001700095100002900112240006400141240003500205245006300240245006300303250001100366260001100377260001800388260004900406300005700455500108400512650002401596650003101620G2380IT-RoPAU130308s9999 xx 000 0 und d aIT-RoPAU cIT-RoPAU aITALIANO aRobins Kevin gCodice Aut. SPICS: 17257 aINTO THE IMAGE. CULTURE AND POLITICS IN THE FIELD OF VISION gCodice Tit. Orig. Spics: T3214 aOltre l'immagine. Politiche culturali nei territori visivi bOltre L'Immagine. politiche culturali Nei territori Visivi a1a ed. aGENOVA bCosta & Nolan c1999 [1° Ed.:1999 - Ed.Ling.Originale:1996] a"252 p. (prefazione: no ; testo: 252 [pagine: 0-0])" aCultura e Politica della Visione. Analisi delle Modalità con Cui, Anche Attraverso le nuove tecnologie dell'Immagine, si Costruisce Il Rapporto tra la Cultura Dello schermo e la Quotidiana Esperienza del Mondo. tecnologie dell'Immagine e Cultura Visiva. tocco dell'Ignoto: Mondo senza Realtà, tecnologia ed Esperienza, Vista e Tatto, imparare a Vedere. Spazio Dello Schermo: Realtà Virtuale: Dentro Il Micromondo, Vedere in Modo Ostile: Simulazione, sorveglianza e Attacco. visioni di Guerra: Sentinelle e Sorvegliati, Guerra (Del Golfo) e Schermo, schermo Infestato. Ciberspazio e Mondo in Cui Viviamo: Ciberspazio e Autoidentità, Comunità virtuale e Identità Collettiva, mondi in Cui Viviamo. consumo delle Immagini: dal Simbolico Allo Psicotico, Sociologie di Consumo, Paura e Conoscenza, consumo e Realtà. Città nel Territorio Visivo: Città e scenario del Sogno, Città Persa di Vista, Lasceremo morire Il Cinema? ci Potranno Ancora Commuovere le Immagini?: Morte della Fotografia, Razionalizzazione dell'Immagine, guardando di Nuovo Ilmondo. Bibliografia. aTEORICHE TELEVISIVE eCodice materia Spics: 6955